000 00209 a2200097 4500
001 47579
100 _aBekker C.D
245 _aSwastika at sea
260 _aLondon
_bWilliam kimber
_c
090 _c30592
_d30592
942 _aNUST-CAE
_cM
_c22883
999 _c282652
_d282652